| 000 | 00000nam 2200000zi 4500 |
| 001 | 9.937152 |
| 003 | CaOODSP |
| 005 | 20240419104211 |
| 006 | m o d f |
| 007 | cr |n||||||||| |
| 008 | 240419s1965 onc ob f000 0 fre d |
| 040 | |aCaOODSP|bfre|erda|cCaOODSP |
| 043 | |an-cn---|an-us--- |
| 086 | 1 |aC62-10/1965F-PDF |
| 245 | 00|aRapport sur la mission canadienne technique des produits en bois dans l'Ouest des États-Unis, 3 au 15 octobre 1965. |
| 264 | 1|aOttawa : |bMinistère de l'industrie, |c[1965] |
| 300 | |a1 ressource en ligne (55 pages) |
| 336 | |atexte|btxt|2rdacontent/fre |
| 337 | |ainformatique|bc|2rdamedia/fre |
| 338 | |aressource en ligne|bcr|2rdacarrier/fre |
| 500 | |aÉdition numérisée de l'imprimé [par Innovation, Sciences et Développement économique Canada]. |
| 500 | |aPublié aussi en anglais sous le titre : Report on the Canadian technical wood products mission to the Western United States, Oct. 3-15, 1965. |
| 504 | |aComprend des références bibliographiques (pages 53-55). |
| 650 | 6|aProduits forestiers|xIndustrie|zCanada. |
| 650 | 6|aProduits forestiers|xIndustrie|zÉtats-Unis. |
| 710 | 1 |aCanada. |bMinistère de l'industrie, |eorganisme de publication. |
| 775 | 08|tReport on the Canadian Technical Wood Products Mission to the Western United States, October 3-15, 1965. |w(CaOODSP)9.896913 |
| 856 | 40|qPDF|s852 Ko|uhttps://publications.gc.ca/collections/collection_2024/isde-ised/C62-10-1965-fra.pdf |